| 000 | 00820nam a22002417a 4500 | ||
|---|---|---|---|
| 005 | 20100504145855.0 | ||
| 008 | 100309t xxu||||| |||| 00| 0 eng d | ||
| 010 | _aENG-101691 | ||
| 020 |
_a9788184000894 _c99.00 |
||
| 035 | _aEN-85224 | ||
| 037 | _bUBH | ||
| 037 | _bDBAD/PUB | ||
| 040 |
_adpl _bEnglish |
||
| 082 | _a649.10954 | ||
| 100 |
_aRudolph, Steven _923224 |
||
| 245 |
_aThe 10 laws of learning / _cby Steven Rudolph |
||
| 260 |
_bRandom House India _c2009 _aLondon |
||
| 270 |
_a20 Vauxhall Bridge Road, _bLondon |
||
| 300 |
_axv, 176p. _c21cm(pbk) |
||
| 942 |
_2ddc _cEN _mRUD _h649.10954 |
||
| 999 |
_c35666 _d35666 |
||